| 000 | 01008nam a22003017a 4500 | ||
|---|---|---|---|
| 001 | 00532 | ||
| 003 | DO-SdBPM | ||
| 005 | 20251125102046.0 | ||
| 007 | 00532 | ||
| 008 | 160613b1962 xx| ||| |||| 00| 0 spa d | ||
| 040 |
_aDO-SdBPM _bspa _cBPMSU _d _erda |
||
| 082 | 4 |
_a657.042 _bC759p 1962 _222 |
|
| 245 |
_aContabilidad práctica para el Siglo XX : _bcurso elemental / _ctraducción Antonio de la Luz, Marina Lledo |
||
| 250 | _a21a ed. | ||
| 264 |
_aEstados Unidos : _bSouth-Western, _c1962 |
||
| 300 |
_a470 páginas ; _c24 cm. |
||
| 336 |
_atexto _btxt _2rdacontant |
||
| 337 |
_asin mediación _bn _2rdamedia |
||
| 338 |
_avolumen _bnc _2rdacarrier |
||
| 500 | _aUna traducción y adaptación del libro 20th Century Bookkeeping & Accounting | ||
| 500 | _aincluye índice. | ||
| 590 | _aInventariado, 2025/VM | ||
| 650 | 7 | _aContabilidad. | |
| 700 | 1 |
_aDe la Luz, Antonio, _etraductor |
|
| 700 | 1 |
_aLledo, Marina, _etraductor |
|
| 910 | _aVMateo V. Control de calidad. BPMSU | ||
| 942 |
_2ddc _cBK |
||
| 999 |
_c10376 _d10376 |
||